00493cam a2200181ua 45000010005000000080039000050400009000440410008000530820008000611000035000692450070001042500012001742600052001863000010002386530016002486530018002646530029002822545150224n ii |||gr||||Z||||||asm cMAIN aasm a410 aGogoi, Mrinal Kumar.,eAuthor. aBhasa bijnyan aru asomiya bhasar parichayacby Mrinal Kumar Gogoi a1st ed. aGuwahati:bSaraighat printers prakashan,c2007. a111p. aLinguistics aBhasa vijnyan aAsomiya bhasar parichaya